| 000 | 00525nam a2200193 a 4500 | ||
|---|---|---|---|
| 001 | 1648150 | ||
| 005 | 20241215115510.0 | ||
| 008 | 950320s1995 moua 001 0 eng d | ||
| 020 | _a9780801658501 | ||
| 050 | 0 | 0 |
_aQP34 _b.M325 1995 |
| 082 | 0 | 0 |
_a612 _221 |
| 100 | 1 | _aMannino, Joseph A. | |
| 245 | 1 | 0 |
_aHuman biology / _cJoseph A. Mannino. |
| 260 |
_aSt. Louis, MO : _bMosby, _cc1995. |
||
| 300 |
_axx, 456 p. : _bill. (some col.) ; _c28 cm. |
||
| 500 | _aIncludes index. | ||
| 650 | 0 | _aHuman biology. | |
| 942 |
_2lcc _cBK _n0 |
||
| 999 |
_c2256 _d2256 |
||